Evil under the sun Έγκλημα κάτω από τον ήλιο
Ο Ηρακλής Πουαρό, ήρωας των βιβλίων της Αγκαθα Κρίστι, καλείται να λύσει το έγκλημα που έγινε σ' ένα πολυτελές ξενοδοχείο της Αδριατικής.
Αποθηκεύτηκε σε:
| Άλλοι συγγραφείς: | , , , |
|---|---|
| Μορφή: | |
| Γλώσσα: | English Greek |
| Δημοσίευση: |
[Χ.τ. :
χ.ό.,
1982]
|
| Θέματα: | |
| Ετικέτες: |
Προσθήκη ετικέτας
Δεν υπάρχουν, Καταχωρήστε ετικέτα πρώτοι!
|
MARC
| LEADER | 00000cgm a2200000 a 4500 | ||
|---|---|---|---|
| 001 | 1/110405 | ||
| 008 | 160323s1982####xx ||| | || ||eng|| | ||
| 040 | |a GR-MyUa |b gre |c GR-MyUa |e AACR2 | ||
| 041 | 0 | |a eng |j gre | |
| 082 | 7 | |a 791. 437 |2 (23) | |
| 245 | 0 | 0 | |a Evil under the sun |h [μαγνητοσκόπηση] = |b Έγκλημα κάτω από τον ήλιο / |c directed by Guy Hamilton. |
| 246 | 1 | |i Παράλληλος τίτλος: |a Έγκλημα κάτω από τον ήλιο | |
| 260 | |a [Χ.τ. : |b χ.ό., |c 1982] | ||
| 300 | |a 1 βιντεοδίσκος (117 λεπτ.) : |b ομίλ., έγχρ. ; |c 4 3/4 ίν. | ||
| 500 | |a Κυκλοφόρησε πρώτη φορά ως κινηματογραφική ταινία το 1982. | ||
| 501 | |a Με: The history of Mr Polly = Η ιστορία του κυρίου Πόλι / Anthony Pelissier. | ||
| 511 | 0 | |a Peter Ustinov, James Mason, Maggie Smith. | |
| 520 | 8 | |a Ο Ηρακλής Πουαρό, ήρωας των βιβλίων της Αγκαθα Κρίστι, καλείται να λύσει το έγκλημα που έγινε σ' ένα πολυτελές ξενοδοχείο της Αδριατικής. | |
| 546 | |a Στα αγγλικά με ελληνικούς υπότιτλους. | ||
| 600 | 1 | 0 | |a Poirot, Hercule |c (Fictitious character) |v Drama. |
| 655 | 7 | |a Feature films |2 lcgft | |
| 700 | 1 | |a Hamilton, Guy, |d 1922-2016, |e drt | |
| 700 | 1 | |a Ustinov, Peter, |e act | |
| 700 | 1 | |a Mason, James, |d 1909-1984, |e act | |
| 700 | 1 | |a Smith, Maggie, |d 1934- |e act | |
| 852 | |a INST |b SYROS |c AV |e 20160323 |h 791.437 HAM |p 005500011727 |q 005500011727 |t DVD |y 23 | ||
| 970 | |a Κοντού |b Παρασκευή |z 23/03/2016 | ||